<?xml version="1.0" encoding="UTF-8"?>
<collection xmlns="http://www.loc.gov/MARC21/slim">
 <record>
  <leader>02819nam a2200337 a 4500</leader>
  <controlfield tag="001">TVCDKTCT128331</controlfield>
  <controlfield tag="003">TVCĐKTCT</controlfield>
  <controlfield tag="005">20220511095351.000</controlfield>
  <controlfield tag="008">220510syyyy    vn                       </controlfield>
  <datafield tag="980" ind1="\" ind2="\">
   <subfield code="a">Thư viện Trường CĐ Kỹ Thuật Cao Thắng</subfield>
  </datafield>
  <datafield tag="024" ind1=" " ind2=" ">
   <subfield code="a">RG_2 #1 eb0 i1</subfield>
  </datafield>
  <datafield tag="041" ind1="0" ind2="#">
   <subfield code="a">vie</subfield>
  </datafield>
  <datafield tag="082" ind1="#" ind2="#">
   <subfield code="a">621.381 </subfield>
   <subfield code="b">T103L</subfield>
  </datafield>
  <datafield tag="100" ind1="1" ind2="#">
   <subfield code="a">Võ Xuân Nam </subfield>
  </datafield>
  <datafield tag="245" ind1="1" ind2="0">
   <subfield code="a">Tài liệu thực tập điện tử cơ bản / </subfield>
   <subfield code="c">Võ Xuân Nam và những người khác,....</subfield>
  </datafield>
  <datafield tag="246" ind1="#" ind2="#">
   <subfield code="b">Basic Electronics</subfield>
  </datafield>
  <datafield tag="260" ind1="#" ind2="#">
   <subfield code="a">Tp.HCM : </subfield>
   <subfield code="b">CĐKT Cao Thắng, </subfield>
   <subfield code="c">2019</subfield>
  </datafield>
  <datafield tag="300" ind1=" " ind2=" ">
   <subfield code="a">120tr. ; </subfield>
   <subfield code="c">27cm</subfield>
  </datafield>
  <datafield tag="520" ind1="#" ind2="#">
   <subfield code="a">Môn học Điện tử căn bản là một trong những môn học quan trọng bậc nhất của ngành Điện, Điện tử nói chung. Môn học này cung cấp kiến thức nền tảng rất cần thiết cho Sinh viên để có thể học tốt các môn học sau. Giáo trình gồm 8 bài thực hành. Mỗi bài đều có mục đích, yêu cầu cụ thể, đáp ứng được chuẩn đầu ra của môn học. Sau khi học xong, sinh viên có khả năng nắm vững các kiến thức cơ bản về điện tử. Bài 1 &quot;Giới thiệu kit thực hành đa năng&quot;  - Hiểu biết và cách sử dụng các khối chức năng trên kit thực hành đa năng. - Biết cách đo và kiểm tra các tín hiệu trên kit thực hành đa năng. Bài 2 &quot;Hướng dẫn sử dụng thiết bị đo&quot;, trang bị cho người học kỹ năng sử dụng các thiết bị đo. Bài 3 &quot; Kiểm tra linh kiện thụ động&quot;, trang bị cho người học: -Kỹ năng nhận dạng, xác định giá trị, trạng thái hoạt động của linh kiện. - Củng cố kỹ năng sử dụng dụng cụ đo. Bài 4 &quot;Kiểm tra linh kiện bán dẫn&quot;, trang bị cho người học các kỹ năng nhận dạng, xác định giá trị, trạng thái hoạt động của linh kiện; có thể sử dụng VOM để đo kiểm linh kiện.....</subfield>
  </datafield>
  <datafield tag="541" ind1="#" ind2="#">
   <subfield code="a">Mua</subfield>
  </datafield>
  <datafield tag="650" ind1="#" ind2="4">
   <subfield code="a">Kỹ thuật điện tử--Giáo trình</subfield>
  </datafield>
  <datafield tag="653" ind1="#" ind2="#">
   <subfield code="a">Điện tử học</subfield>
  </datafield>
  <datafield tag="700" ind1="#" ind2="#">
   <subfield code="a">Đinh Thị Thanh Hoa</subfield>
  </datafield>
  <datafield tag="700" ind1="#" ind2="#">
   <subfield code="a">Phạm Thành Nhân</subfield>
  </datafield>
  <datafield tag="700" ind1="#" ind2="#">
   <subfield code="a">Phạm Xuân Mạnh</subfield>
  </datafield>
  <datafield tag="721" ind1="#" ind2="#">
   <subfield code="a">01. CNKT Điện - Điện tử</subfield>
  </datafield>
  <datafield tag="721" ind1="#" ind2="#">
   <subfield code="a">02. CNKT Điện tử viễn thông</subfield>
  </datafield>
  <datafield tag="721" ind1="#" ind2="#">
   <subfield code="a">06. CNKT Nhiệt lạnh</subfield>
  </datafield>
  <datafield tag="721" ind1="#" ind2="#">
   <subfield code="a">07. CNKT Cơ điện tử</subfield>
  </datafield>
  <datafield tag="721" ind1="#" ind2="#">
   <subfield code="a">08. CNKT Điều khiển và Tự động hóa</subfield>
  </datafield>
  <datafield tag="841" ind1="#" ind2="#">
   <subfield code="b">Kho Sách </subfield>
   <subfield code="j">100054316, 100054321, 100054326, 100054331, 100054336</subfield>
  </datafield>
 </record>
</collection>
